000 00701cam a2200265 4500
001 J3561
008 090401t1996 xxu||||| |||| 00| 0 eng d
035 _a(Sirsi) u55823
041 _aeng
050 _a333.337
110 _aJones Lang Wootton
_92909
245 _aProperty confidence review: London/South East. - February 1996
260 _aLondon
_bJones Lang Wootton
_c1996
300 _a(23)p. ; 30cm.
350 _a0
650 _aBUSINESS CONFIDENCE
650 _aLONDON
650 _aOCCUPIERS REQUIREMENTS
650 _aOFFICES
650 _aPROPERTY CONFIDENCE REVIEW
650 _aSOUTH EAST
690 _aPROPERTY-COMMERCIAL PROPERTY
942 _n0
948 _c04/03/1997
999 _c93657
_d93657